| 000 | 00585nam a2200181 i 4500 | ||
|---|---|---|---|
| 001 | 50403 | ||
| 003 | ES-MaACL | ||
| 005 | 20230906162156.0 | ||
| 007 | t| | ||
| 008 | 030804s1973 sp ||||1| spa d | ||
| 100 | 1 |
_aCuadra Echaide, Pilar de. _9157527 |
|
| 245 | 1 | 0 |
_aPerfil y pulso de Guipúzcoa _b: pinacoteca lírica / _cPilar de Cuadra Etxaide ; traducido al euskera por Pedro Berrondo. |
| 250 | _aEd. bilingüe. | ||
| 260 |
_aSan Sebastián : _bAuñamendi, _c[1973] |
||
| 300 |
_a113 p. ; _c19 cm. |
||
| 700 | 1 |
_aBerrondo, Pedro. _928395 |
|
| 852 |
_aES-MaACL _jC-53087 _bR.85392 |
||
| 999 |
_c50403 _d50403 |
||